000 00652nam a22002297a 4500
003 UA-OsUOA
001 94689
007 ta
008 20130218b un ||||| |||| 00| 0 ukr d
100 _aДомбровская М.
090 _a821.162.1
_bД66
942 _cBK
040 _aUA-OsUOA
_brus
_cUA-OsUOA
_dUA-OsUOA
245 _aНочи и дни
_bроман в двух томах
_c1
300 _a709 с.
955 _a3
041 _arus
080 _a821.162.1
260 _aМ.
_bХудожественная литература
_c1964
650 7 _a82 Література. Літературознавство
_2UDC
999 _c380934
_d380934